| 000 | 00569cam a22002291 4500 | ||
|---|---|---|---|
| 001 | ne 63001690 | ||
| 003 | DLC | ||
| 005 | 20260227111749.0 | ||
| 008 | 881019s1961 xx a 000 0 arar | ||
| 010 | _ane 63001690 | ||
| 035 | _a(OCoLC)23520666 | ||
| 040 |
_aDLC _cMiU _dDLC |
||
| 042 | _apremarc | ||
| 043 | _af-ua--- | ||
| 050 | 0 | 0 |
_aHD9577.E32 _bA53 |
| 100 | 0 | _aWizārat al-Ṣināʻah. | |
| 245 | 1 | 3 | _aal-Batrūl. |
| 260 |
_a[n. p.] _c[1961.] |
||
| 300 |
_a35 p. _billus. _c23 cm. |
||
| 500 | _aRomanized. | ||
| 650 | 0 |
_aPetroleum industry and trade _zEgypt. |
|
| 999 |
_c46201 _d46201 |
||